000 00978nam a2200253Ia 4500
999 _c54196
_d54196
001 21252
003 GE_BSU
005 20211013163044.0
008 181216s2015||||ge |||||||||||||| ||geo||
020 _a9789941219900
040 _cGE_BSU
041 _ageo
080 _a331.53 მ-58
100 _aმესმერი, მაქს
_912657
245 _aსამუშაოს ძებნა მარტივად /
_cმაქს მესმერი ; რედ. ნ. ენუქიძე.
264 _aთბილისი :
_bპალიტრა L,
_c2015.
300 _a314 გვ. :
_bილ. ;
_c24 სმ.
541 _h11ლ.10თ.
653 _aეკონომიკა
653 _aსამუშაოს ორგანიზების თეორია
653 _aსამუშაოს ძებნა მარტივად
700 _aენუქიძე, ნ.
_eრედაქტორი
_912658
942 _cBK
_2udc